Normal view
MARC view
- Ambade, V. & Vasant Ambade, Donor
Entry Personal Name
001 - CONTROL NUMBER
- control field: 116075
003 - CONTROL NUMBER IDENTIFIER
- control field: OSt
005 - DATE AND TIME OF LATEST TRANSACTION
- control field: 20230125045118.0
008 - FIXED-LENGTH DATA ELEMENTS
- fixed length control field: 230125|| aca||aabn | a|a d
040 ## - CATALOGING SOURCE
- Original cataloging agency: OSt
- Transcribing agency: OSt
100 ## - HEADING--PERSONAL NAME
- Personal name: Ambade, V. & Vasant Ambade, Donor
670 ## - SOURCE DATA FOUND
- Source citation: Work cat.: (OSt)93765: Ambade, V. 116074, Utpadakta Vadh, 2014